000 005130000a22001810004500
003 MACL
005 20160226134428.0
008 160226b xxu||||| |||| 00| 0 eng d
040 _aMACL
_cMACL
041 _aHindi
082 _a800
100 _aडॉ हरदयाल
_940584
245 _aआधुनिकबोध और विद्रोह
260 _bराजेश प्रकाशन
_c1979
_aदिल्‍ली
350 _a30
650 _aLiteracture
_939932
942 _cBK
_k800
_2ddc
999 _c27265
_d27265